Cumbre Ministerial de las Américas / (Registro nro. 11519)

Detalles MARC
000 -LEADER
fixed length control field 00933nam a2200217Ia 4500
003 - CONTROL NUMBER IDENTIFIER
control field OSt
005 - DATE AND TIME OF LATEST TRANSACTION
control field 20210419122420.0
008 - FIXED-LENGTH DATA ELEMENTS--GENERAL INFORMATION
fixed length control field 210310s1996 ck ao gr 000 0 spa d
040 ## - CATALOGING SOURCE
Original cataloging agency CO-JMCR
Transcribing agency CO-JMCR
041 0# - LANGUAGE CODE
Language code of text/sound track or separate title spa
082 04 - DEWEY DECIMAL CLASSIFICATION NUMBER
Classification number 382.917 /
Item number M351c
Edition number 23
111 2# - MAIN ENTRY--MEETING NAME
Meeting name or jurisdiction name as entry element Segunda reunión Ministerial de comercio :
Location of meeting (Cartagena de indias
Date of meeting or treaty signing 1996 : 21 de Marzo)
9 (RLIN) 36968
245 10 - TITLE STATEMENT
Title Cumbre Ministerial de las Américas /
Statement of responsibility, etc. Ministerio de Comercio Exterior de Colombia.
260 ## - PUBLICATION, DISTRIBUTION, ETC.
Place of publication, distribution, etc. Cartagena de Indias :
Name of publisher, distributor, etc. Ministerio de Comercio Exterior,
Date of publication, distribution, etc. 1996.
300 ## - PHYSICAL DESCRIPTION
Other physical details 127 páginas :
Extent ilustraciones y fotografías a color ;
Dimensions 28 cm.
505 ## - FORMATTED CONTENTS NOTE
Formatted contents note Evolución y perspectivas. -- Declaración conjunta/Reportes grupos de trabajo.
650 14 - SUBJECT ADDED ENTRY--TOPICAL TERM
Topical term or geographic name entry element ALCA.
General subdivision Comercio exterior
9 (RLIN) 25740
650 24 - SUBJECT ADDED ENTRY--TOPICAL TERM
Topical term or geographic name entry element Integración regional
9 (RLIN) 3984
811 10 - SERIES ADDED ENTRY--MEETING NAME
Meeting name or jurisdiction name as entry element Memorias de la Segunda Reunión Ministerial de Comercio.
Location of meeting Cartagena de Indias
9 (RLIN) 36969
942 ## - ADDED ENTRY ELEMENTS (KOHA)
Source of classification or shelving scheme Dewey Decimal Classification
Koha item type Books
Existencias
Withdrawn status Lost status Source of classification or shelving scheme Damaged status Not for loan Home library Current library Shelving location Date acquired Source of acquisition Full call number Barcode Date last seen Copy number Price effective from Koha item type Total Checkouts
    Dewey Decimal Classification     Biblioteca Pública José María del Castillo y Rada Biblioteca Pública José María del Castillo y Rada General Stacks 04/15/2018 Donación 382.917 / M351c 430010905 05/16/2024 Ej.1 03/10/2021 Books  
    Dewey Decimal Classification     Biblioteca Pública José María del Castillo y Rada Biblioteca Pública José María del Castillo y Rada General Stacks 04/15/2018 Donación 382.917 / M351c 430010902 05/16/2024 Ej.2 03/10/2021 Books